000 00796nam a22002057a 4500
003 JO-AjAnu
005 20260421105108.0
008 260421b jo ||||| |||| 00| 0 ara d
020 _a978-9923-853-06-1
022 _a6388/11/2025
040 _aANU
_cJO-AjAnu
041 _hARA
100 _aمجمع اللغة العربية الأردني
_956867
_eمؤلف
245 _aالمؤتمر السنوي لعان 2024م لمجمع اللغة العربية الأردني: اللغة العربية في جنوبي شرق آسيا
_c / مجمع اللغة العربية الأردني
250 _aط 1
260 _aعمان:
_bمجمع اللغة العربية الأردني؛
_c2025
300 _a317 ورقة
650 _vاللغة العربية-تاريخ
942 _2lcc
_cBK
_n0
999 _c34193
_d34193